000 00258nam a2200097Ia 4500
001 1250548
005 20251031150858.0
008 251031s9999 xx 000 0 und d
245 0 _cERDEM BAYAZIT
_aB-2 İPEK YOLUNDAN AFGANİSTANA
260 _bKETEBE YAYINLARI
999 _c1250548
_d1250548